| 000 | 00543nam a22001817a 4500 | ||
|---|---|---|---|
| 999 |
_c193397 _d193397 |
||
| 005 | 20230317170448.0 | ||
| 010 | _aENG-135557 | ||
| 020 |
_c100.00 _a9788189840198 |
||
| 035 | _aEN-119089 | ||
| 037 | _bDBAD/PUB | ||
| 082 | _a658.9 | ||
| 100 | _aEswaran, R. | ||
| 245 |
_aMarketing / _cBy R. Eswaran |
||
| 260 |
_aErode _bpallavi publications south india _c2008 |
||
| 270 |
_a194, kanna complex, mettur road, _bErode _e638011 _mpallavipublications@gmail.com |
||
| 300 |
_a106p. _c21Cm(pbk) |
||
| 942 |
_2ddc _cEN _mESW _h658.9 |
||